| 000 | 00639nam a2200229 a 4500 | ||
|---|---|---|---|
| 001 | 65907 | ||
| 003 | BD-RjUL | ||
| 005 | 20211209081500.0 | ||
| 008 | 170313s1953 wiua b 001 0 eng d | ||
| 035 | _a(BD-RjUL) 66037 | ||
| 040 |
_aDLC _cODaWU _dBD-RjUL _beng |
||
| 041 | _aeng | ||
| 082 |
_a579.84 _223 _bGOG 1953 |
||
| 100 | 1 |
_aGojdics, Mary. _9194908 |
|
| 245 | 1 | 4 | _aThe genus Euglena / |
| 260 |
_aMadison : _bUniversity of Wisconsin Press, _cc1953. |
||
| 300 |
_aviii, 268 p. : _bill. ; _c16 cm. |
||
| 504 | _aIncludes Index & Bibliography: p. 241-253. | ||
| 650 | 0 |
_aEuglena. _9194909 |
|
| 942 |
_2ddc _cBK |
||
| 999 |
_c65907 _d65907 |
||